000 01538nam0a2200361 i 4500
001 RU\NLR\bibl\2009004
005 20241103071017.0
010 _a9785421300533
_9500
021 _aRU
_b2013-12460
_9890
035 _a(nilc)RuMoRGB-006538768
035 _a(NLR Aleph) 001997592
090 _a4313222
_c4313222
100 _a20130218d2012 u y0rusy50 ca
101 0 _arus
102 _aRU
105 _ay |||||||||
200 1 _aАктивизация жизненного потенциала пожилого человека: социологический аспект
_eмонография
_fИ. С. Романычев
210 _aМосква
_cИПК ДСЗН
_d2012
215 _a189 с.
_cтабл.
_d20
320 _aБиблиогр.: с. 183-189 (106 назв.) и в подстроч. примеч.
606 _aПожилые и старые люди
_xАдаптация социально-психологическая
_92177202
_3RU\NLR\AUTH\661309449
610 0 _aжизненный потенциал пожилых людей
610 0 _aактивизация жизненного потенциала пожилых людей
686 1 _aС550.325.3
700 1 _aРоманычев
_bИ. С.
_gИлья Сергеевич
_4070
801 0 _aRU
_bRuMoRKP
_c20130218
_gRCR
801 2 _aRU
_bРГБ
_c20130315
_grcr
801 1 _aRU
_bRuMoRKP
_c20130218
_2rusmarc
801 2 _aRU
_bNLR
_c20130307
_grcr
942 _cBOOK
980 _aNBR